|
|
|
|
| LEADER |
00000nam0a2200000 4500 |
| 001 |
167577 |
| 005 |
20231101222712.0 |
| 035 |
|
|
|a (RuTPU)RU\TPU\book\181799
|
| 090 |
|
|
|a 167577
|
| 100 |
|
|
|a 20091016d1974 m y0rusy50 ca
|
| 101 |
0 |
|
|a rus
|
| 102 |
|
|
|a RU
|
| 105 |
|
|
|a a j 001zy
|
| 200 |
1 |
|
|a Физическая теория теней
|e методическое руководство
|f Г. П. Краснеев
|g Куйбышевский инженерно-строительный институт им. А. И. Микояна
|
| 210 |
|
|
|a Куйбышев
|d 1974
|
| 215 |
|
|
|a 63 с.
|c ил.
|
| 320 |
|
|
|a Библиогр.: с. 62.
|
| 610 |
1 |
|
|a тени
|
| 610 |
1 |
|
|a методические руководства
|
| 610 |
1 |
|
|a элементы
|
| 610 |
1 |
|
|a световые оттенки
|
| 610 |
1 |
|
|a масштабы
|
| 610 |
1 |
|
|a плоскости
|
| 610 |
1 |
|
|a отмывка
|
| 610 |
1 |
|
|a изображения
|
| 675 |
|
|
|a 515(07.07)
|v 3
|
| 700 |
|
1 |
|a Краснеев
|b Г. П.
|g Георгий Павлович
|
| 712 |
0 |
2 |
|a Куйбышевский инженерно-строительный институт им. А. И. Микояна
|2 stltpush
|3 (RuTPU)RU\TPU\col\13864
|9 25809
|
| 801 |
|
1 |
|a RU
|b 63413507
|c 20091016
|
| 801 |
|
2 |
|a RU
|b 63413507
|c 20140403
|g RCR
|
| 942 |
|
|
|c BK
|